Loading...
| Fine Arts - Classical Music | 0 | 8 | 2 | 0 | 70 | 40 | 65.75 | 8 | 8 | 0.00 | 0.00 |
| Literature - World | 0 | 6 | 0 | 0 | 60 | 67 | 90.50 | 2 | 5 | 0.00 | 0.00 |
| Science - Other | 0 | 6 | 0 | 0 | 60 | 42 | 56.33 | 4 | 6 | 0.00 | 0.00 |
| Fine Arts - Other | 0 | 5 | 0 | 0 | 50 | 63 | 89.20 | 4 | 4 | 0.00 | 0.00 |
| Literature - American | 0 | 5 | 0 | 2 | 50 | 50 | 87.20 | 0 | 4 | 0.00 | 0.00 |
| Science - Chemistry | 0 | 5 | 1 | 1 | 45 | 30 | 50.40 | 2 | 5 | 0.00 | 0.00 |
| Fine Arts - Painting and Sculpture | 0 | 5 | 2 | 1 | 40 | 43 | 90.60 | 1 | 4 | 0.00 | 0.00 |
| Mythology | 0 | 4 | 0 | 0 | 40 | 50 | 80.75 | 0 | 3 | 0.00 | 0.00 |
| Geography | 0 | 4 | 0 | 0 | 40 | 67 | 81.75 | 1 | 4 | 0.00 | 0.00 |
| History - American | 0 | 4 | 0 | 0 | 40 | 35 | 53.75 | 2 | 4 | 0.00 | 0.00 |
| Science - Biology | 0 | 4 | 1 | 1 | 35 | 27 | 59.00 | 0 | 4 | 0.00 | 0.00 |
| Popular Culture | 0 | 3 | 1 | 2 | 25 | 50 | 93.67 | 0 | 2 | 0.00 | 0.00 |
| History - World | 0 | 2 | 0 | 0 | 20 | 36 | 62.50 | 1 | 2 | 0.00 | 0.00 |
| Current Events | 0 | 2 | 0 | 0 | 20 | 63 | 70.00 | 1 | 2 | 0.00 | 0.00 |
| Science - Physics | 0 | 2 | 0 | 0 | 20 | 30 | 48.50 | 0 | 1 | 0.00 | 0.00 |
| Religion | 0 | 2 | 0 | 0 | 20 | 63 | 68.00 | 1 | 2 | 0.00 | 0.00 |
| Social Science | 0 | 2 | 1 | 1 | 15 | 71 | 89.50 | 0 | 1 | 0.00 | 0.00 |
| Philosophy | 0 | 1 | 0 | 0 | 10 | 105 | 105.00 | 0 | 1 | 0.00 | 0.00 |
| Literature - European | 0 | 1 | 0 | 0 | 10 | 91 | 91.00 | 0 | 1 | 0.00 | 0.00 |
| Literature - British | 0 | 1 | 0 | 0 | 10 | 94 | 94.00 | 0 | 1 | 0.00 | 0.00 |
| History - Other | 0 | 1 | 0 | 1 | 10 | 110 | 110.00 | 0 | 1 | 0.00 | 0.00 |
| History - European | 0 | 1 | 0 | 0 | 10 | 89 | 89.00 | 0 | 0 | 0.00 | 0.00 |